1455 1593 1538 1400 1938 1701 1591 1433 1142 1655 1242 1025 1927 1289 1806 1918 1894 1452 1462 1290 1350 1703 1499 1032 1791 1919 1934 1032 1798 1572 1237 1863 1001 1562 1167 1863 1842 1459 1701 1981 1178 1524 1844 1973 1878 1243 1034 1246 1421 1499 1659 1105 1928 1841 1055 1119 1721 1346 1199 1205 1864 1192 1554 1934 1246 1563 1796 1406 1233 1352 1068 1523 1115 1354 1187 1392 1007 1950 1023 1536 1316 1175 1769 1836 1829 1291 1659 1687 1683 1088 1600 1922 1066 1168 1754 1360 1805 1182 1117 BCNSPRNW ULIB Ver.6.0+V

เปลี่ยนเป็นภาษาไทย

Change to English
 แสดงรายละเอียดบรรณานุกรม
  กลับหน้าหลัก

Brief Record : Get Marc (ISO 2709) : E-mail record : QR code < ปิดหน้าต่าง
LEADER : 00000nam 2200000uu 4500
001    13399124111
003     ULIB
008    150118s2556||||th 000 0 tha d
020    ^a9786165516938
060  4 ^aWS200^bพ791
110 1  ^aจุฬาลงกรณ์มหาวิทยาลัย.^bคณะแพทยศาสตร์.^bภาควิชากุมารเวชศาสตร์
245 00 ^aPediatric practice : Knowledge Sharing for Best Quality Care /^cนวลจันทร์ปราบพาล ... [และคนอื่น ๆ] บรรณาธิการ
250    ^aพิมพ์ครั้งที่ 1
260    ^aกรุงเทพฯ :^bภาควิชากุมารเวชศาสตร์ คณะแพทยศาสตร์จุฬาลงกรณ์มหาวิทยาลัย,^c2556
300    ^aix, 298 หน้า :^bภาพประกอบ
500    ^aเอกสารประกอบการอบรมระยะสั้นของภาควิชากุมารเวชศาสตร์ คณะแพทยศาสตร์จุฬาลงกรณ์มหาวิทยาลัย
505 0  ^a^tRespiratory distress in children --^trespiratory distress in children: how to approach to a child with stridor --^tprimary hypothyroidism --^tmanagemnet of hyperthyroidism from infancy through puberty --^tgrowth and puberty --^tvomiting --^trectal bleeding --^tการแพทย์เฉพาะบุคคล --^tbest practica in PICU
505 0  ^a--^tsmart interpertation of blood smear, bone marrow and hematology laboratory results --^tmyocarditis --^tgenetics in pediatric practice --^tskin signs in systemic disease: systemic lupus erythematosus, juvenile dermatomyositis --^tskin signs in nutritional deficiencies --^tskin signs in systemic disease: kawasaki disease --^tevaluation of hypertension in children and adolescents --^tการดูแลรักษาผู้ป่วยเด็กความดันโลหิตสูง --^thypertensive crisis --^tall about hair non-scarring alopecia
505 0  ^a--^tscarring alopecia --^ttinea capitis --^tpediatric palliative care: a modern path of life-limiting illness --^tacute liver failure in children --^tclinical approach to muscle weakness in children --^tmedia effects on children: pros and cons --^tallergic diseases: where are we non? --^tpediatric headache --^tนวัตกรรมการวินิจฉัยโรคกรดไหลย้อน
650  7 ^aเด็ก,โรค^bการรักษา
650  7 ^aเด็ก,โรค^bการวินิจฉัย
650  7 ^aกุมารเวชศาสตร์
700 0  ^aนวลจันทร์ ปราบพาล,^eบรรณาธิการ
700 0  ^aศิริวรรณ วนานุกูล,^eบรรณาธิการ
700 0  ^aสุชาดา ศรีทิพยวรรณ,^eบรรณาธิการ
700 0  ^aสุชีรา ฉัตรเพริดพราย,^eบรรณาธิการ
945    ^p0^l0^i038391
945    ^p0^l0^i038392
945    ^p0^l0^i038393
945    ^p0^l0^i038394
945    ^p0^l0^i038395
945    ^p0^l0^i038396
945    ^p0^l0^i038397
999    ^aกมลทิพย์ ธนสารสุธี
รายการนี้ยังไม่มีแท็ก
คุณยังไม่ได้ล็อกอิน คุณสามารถมีกิจกรรมร่วมกับเว็บไซต์ได้ แต่ต้องล็อกอินก่อน ::
  ล็อกอิน

รายการสื่อสารสนเทศ

ลำดับที่ ประเภท เลขเรียก/บาร์โค้ด สถานที่ สถานะ
1. วิทยาศาสตร์การแพทย์ และสุขภาพ
หนังสือสำรอง
สถานะ=หนังสือสำรอง
WS200 พ791 ฉ.1 
  Barcode: 038391
ห้องสมุดวิทยาเขตสวรรค์ประชารักษ์
►ส่วนจัดเก็บหนังสือเก่า สปร
บนชั้น
  ขอยืม
2. วิทยาศาสตร์การแพทย์ และสุขภาพ
วิทยาศาสตร์การแพทย์ และสุขภาพ
WS200 พ791 ฉ.2 
  Barcode: 038392
ห้องสมุดวิทยาเขตสวรรค์ประชารักษ์
►ส่วนจัดเก็บหนังสือเก่า สปร
บนชั้น
  ขอยืม
3. วิทยาศาสตร์การแพทย์ และสุขภาพ
วิทยาศาสตร์การแพทย์ และสุขภาพ
WS200 พ791 ฉ.3 
  Barcode: 038393
ห้องสมุดวิทยาเขตสวรรค์ประชารักษ์
►ส่วนจัดเก็บหนังสือเก่า สปร
บนชั้น
  ขอยืม
4. วิทยาศาสตร์การแพทย์ และสุขภาพ
วิทยาศาสตร์การแพทย์ และสุขภาพ
WS200 พ791 ฉ.4 
  Barcode: 038394
ห้องสมุดวิทยาเขตสวรรค์ประชารักษ์
►ส่วนจัดเก็บหนังสือเก่า สปร
บนชั้น
  ขอยืม
5. วิทยาศาสตร์การแพทย์ และสุขภาพ
วิทยาศาสตร์การแพทย์ และสุขภาพ
WS200 พ791 ฉ.5 
  Barcode: 038395
ห้องสมุดวิทยาเขตสวรรค์ประชารักษ์
►ส่วนจัดเก็บหนังสือเก่า สปร
บนชั้น
  ขอยืม
6. วิทยาศาสตร์การแพทย์ และสุขภาพ
วิทยาศาสตร์การแพทย์ และสุขภาพ
WS200 พ791 ฉ.6 
  Barcode: 038396
ห้องสมุดวิทยาเขตสวรรค์ประชารักษ์
►ส่วนจัดเก็บหนังสือเก่า สปร
บนชั้น
  ขอยืม
7. วิทยาศาสตร์การแพทย์ และสุขภาพ
วิทยาศาสตร์การแพทย์ และสุขภาพ
WS200 พ791 ฉ.7 
  Barcode: 038397
ห้องสมุดวิทยาเขตสวรรค์ประชารักษ์
►ส่วนจัดเก็บหนังสือเก่า สปร
บนชั้น
  ขอยืม

รายการใกล้เคียง
    หัวเรื่อง [กุมารเวชศาสตร์]

BibComment


ยังไม่เคยถูกคอมเมนท์

คอมเมนท์ทรัพยากรรายการนี้
  คอมเมนท์: Pediatric practi..


 Copyright 2026. Bcnsprnw @Library